[Event "CZE-chT2F 2223"]
[Site "Czech Republic"]
[Date "2023.03.05"]
[Round "10"]
[White "Kovarik, Matyas"]
[Black "Sebesta, Jan2222"]
[Result "0-1"]
[WhiteElo "1996"]
[BlackElo "1826"]
[PlyCount "70"]
[EventDate "2022.10.16"]
[EventType "team-tourn"]
[EventRounds "11"]
[EventCountry "CZE"]
[SourceTitle "EXT 2024"]
[Source "ChessBase"]
[SourceDate "2023.10.10"]
[SourceVersion "1"]
[SourceVersionDate "2023.10.10"]
[SourceQuality "1"]
[WhiteTeam "Vsetin"]
[BlackTeam "Orlova Slavia II"]
[WhiteTeamCountry "CZE"]
[BlackTeamCountry "CZE"]

1. e4 c5 2. Nf3 Nc6 3. d4 cxd4 4. Nxd4 Nf6 5. Nc3 e5 6. Ndb5 d6 7. Nd5 Nxd5 8. exd5 Nb8 9. c4 a6 10. Nc3 Be7 11. Be2 0-0 12. 0-0 f5 13. f4 Bf6 14. fxe5 Bxe5 15. Rf3 Qh4 16. Rh3 Qf6 17. Rf3 f4 18. Qc2 Bg4 19. Rf1 Qh4 20. Bxg4 Qxg4 21. Qe2 Qh4 22. Rf3 Nd7 23. Bd2 Rae8 24. Qf2 Qxf2+ 25. Kxf2 g5 26. Kg1 Bd4+ 27. Kh1 Ne5 28. Rff1 Ng4 29. h3 Nf2+ 30. Kh2 g4 31. g3 fxg3+ 32. Kxg3 Be5+ 33. Kh4 Rf3 34. hxg4 Bf6+ 35. g5 Rh3# 0-1

[Event "Vsetin op 43rd"]
[Site "Vsetin"]
[Date "2018.07.05"]
[Round "2"]
[White "Kovarik, Matyas"]
[Black "Hrabovsky, Vladimir"]
[Result "1-0"]
[WhiteElo "1860"]
[BlackElo "1984"]
[PlyCount "57"]
[EventDate "2018.07.04"]
[EventType "swiss"]
[EventRounds "9"]
[EventCountry "CZE"]
[SourceTitle "CBM 185 Extra"]
[Source "ChessBase"]
[SourceDate "2018.07.29"]
[SourceVersion "1"]
[SourceVersionDate "2018.07.29"]
[SourceQuality "1"]

1. e4 c5 2. Nf3 g6 3. d4 cxd4 4. Nxd4 Bg7 5. Nc3 Nc6 6. Be3 Nf6 7. f3 0-0 8. Qd2 d6 9. Bc4 Bd7 10. 0-0-0 Qa5 11. h4 Rfc8 12. Bb3 Ne5 13. h5 Nc4 14. Bxc4 Rxc4 15. hxg6 hxg6 16. Nde2 Rac8 17. Kb1 b5 18. Bh6 Bh8 19. Bf8 Rxf8 20. Rxh8+ Kxh8 21. Qh6+ Kg8 22. Nd5 Nxd5 23. Rh1 Bh3 24. Rxh3 Qe1+ 25. Nc1 Nc3+ 26. bxc3 Rb4+ 27. cxb4 Qxb4+ 28. Nb3 Qe1+ 29. Kb2 1-0

[Event "Vsetin op"]
[Site "Vsetin"]
[Date "2017.07.05"]
[Round "6"]
[White "Skalsky, Alexandr"]
[Black "Kovarik, Matyas"]
[Result "1/2-1/2"]
[WhiteElo "2071"]
[BlackElo "1890"]
[PlyCount "106"]
[EventDate "2017.07.01"]
[EventType "swiss"]
[EventRounds "9"]
[EventCountry "CZE"]
[SourceTitle "CBM 179 Extra"]
[Source "ChessBase"]
[SourceDate "2017.08.23"]
[SourceVersion "1"]
[SourceVersionDate "2017.08.23"]
[SourceQuality "1"]

1. e4 e6 2. d4 d5 3. e5 c5 4. c3 Qb6 5. Nf3 Bd7 6. Bd3 Bb5 7. dxc5 Bxc5 8. b4 Bf8 9. 0-0 Bxd3 10. Qxd3 Ne7 11. Na3 Nbc6 12. Be3 Qd8 13. b5 Na5 14. c4 Nxc4 15. Nxc4 dxc4 16. Qxc4 Nd5 17. Rfd1 Be7 18. Qg4 g6 19. Bh6 Bf8 20. Bg5 Be7 21. Bh6 Bf8 22. Bg5 Be7 23. h4 h5 24. Qh3 Qb6 25. a4 0-0-0 26. Rxd5 Bxg5 27. Rxd8+ Bxd8 28. Ng5 Bxg5 29. hxg5 Qd4 30. Rc1+ Kb8 31. Qf3 Qd7 32. a5 Rc8 33. Rxc8+ Kxc8 34. b6 a6 35. Qa3 Kd8 36. Qf8+ Qe8 37. Qd6+ Qd7 38. Qf8+ Qe8 39. Qb4 Qe7 40. Qd4+ Qd7 41. Qc4 Qe7 42. Qc3 Qd7 43. Kh2 Qe7 44. Qc4 Qd7 45. Kg3 Qe7 46. Kf4 Qd7 47. Qb4 Ke8 48. Qd6 Qa4+ 49. Kg3 Qd7 50. Qc5 Kd8 51. Qf8+ Qe8 52. Qd6+ Qd7 53. Kf4 Ke8 1/2-1/2

[Event "Vsetin op"]
[Site "Vsetin"]
[Date "2017.07.04"]
[Round "4"]
[White "Kapusta, Petr"]
[Black "Kovarik, Matyas"]
[Result "1/2-1/2"]
[WhiteElo "2175"]
[BlackElo "1890"]
[PlyCount "117"]
[EventDate "2017.07.01"]
[EventType "swiss"]
[EventRounds "9"]
[EventCountry "CZE"]
[SourceTitle "CBM 179 Extra"]
[Source "ChessBase"]
[SourceDate "2017.08.23"]
[SourceVersion "1"]
[SourceVersionDate "2017.08.23"]
[SourceQuality "1"]

1. e4 e6 2. d4 d5 3. Nd2 c5 4. Ngf3 Nc6 5. exd5 exd5 6. Bb5 Bd6 7. 0-0 Nge7 8. dxc5 Bxc5 9. Nb3 Bd6 10. Re1 0-0 11. h3 Bf5 12. Nbd4 Bg6 13. c3 Re8 14. Bd3 Qb6 15. Bxg6 hxg6 16. Be3 Qxb2 17. Re2 Qb6 18. Rb1 Nxd4 19. Nxd4 Qa6 20. Nb5 Nf5 21. Qxd5 Rad8 22. Qb3 Bf4 23. Rbe1 Bxe3 24. fxe3 Qb6 25. Nd4 Qxb3 26. axb3 Ng3 27. Ra2 a6 28. Ra4 Rc8 29. c4 Rcd8 30. c5 Nf5 31. Nxf5 gxf5 32. Rb4 Rd7 33. Kf2 Re5 34. Rd4 Rde7 35. b4 Re4 36. Re2 f4 37. Kf3 Rxe3+ 38. Rxe3 fxe3 39. Ke2 f6 40. Rd6 Kf7 41. Rb6 f5 42. h4 f4 43. Rd6 Ke8 44. Rd4 Rf7 45. Rd6 Rd7 46. Rg6 Kf7 47. Rb6 Rd2+ 48. Kf1 Rf2+ 49. Kg1 f3 50. Rxb7+ Kf6 51. gxf3 Rxf3 52. Rb6+ Kf5 53. Rxa6 e2 54. Ra1 Rb3 55. Kf2 Rxb4 56. Kxe2 Rxh4 57. Rc1 Ke6 58. Kd3 Kd7 59. Rg1 1/2-1/2

[Event "Vsetin op"]
[Site "Vsetin"]
[Date "2017.07.01"]
[Round "1"]
[White "Kovarik, Matyas"]
[Black "Karlik, Vladimir"]
[Result "0-1"]
[WhiteElo "1890"]
[BlackElo "2207"]
[PlyCount "62"]
[EventDate "2017.07.01"]
[EventType "swiss"]
[EventRounds "9"]
[EventCountry "CZE"]
[SourceTitle "CBM 179 Extra"]
[Source "ChessBase"]
[SourceDate "2017.08.23"]
[SourceVersion "1"]
[SourceVersionDate "2017.08.23"]
[SourceQuality "1"]

1. e4 g6 2. d4 Bg7 3. f4 d5 4. e5 c5 5. c3 cxd4 6. cxd4 Nc6 7. Nc3 Nh6 8. Be2 0-0 9. g4 f6 10. h3 Nf7 11. Nf3 e6 12. 0-0 Bd7 13. b3 Rc8 14. Ba3 Re8 15. Na4 fxe5 16. fxe5 Bf8 17. Bxf8 Rxf8 18. Rc1 Ng5 19. Nxg5 Rxf1+ 20. Bxf1 Qxg5 21. Rc3 Qf4 22. Bb5 Nxd4 23. Bxd7 Rxc3 24. Nxc3 Qg3+ 25. Kf1 Qxh3+ 26. Kf2 Qxc3 27. g5 Kf7 28. Qg4 Ke7 29. Qh4 Kxd7 30. Qxh7+ Kc6 31. Qxg6 Qf3+ 0-1

[Event "CZE-chT U18 Extraliga Ost 1617"]
[Site "Czech Republic"]
[Date "2016.10.02"]
[Round "4.4"]
[White "Vitova, Anna"]
[Black "Kovarik, Matyas"]
[Result "0-1"]
[WhiteElo "1707"]
[BlackElo "1848"]
[PlyCount "58"]
[EventDate "2016.10.01"]
[EventType "team-tourn"]
[EventRounds "11"]
[EventCountry "CZE"]
[SourceTitle "EXT 2022"]
[Source "ChessBase"]
[SourceDate "2021.10.06"]
[SourceVersion "1"]
[SourceVersionDate "2021.10.06"]
[SourceQuality "1"]
[WhiteTeam "Jicin U18"]
[BlackTeam "Stare Mesto U18"]
[WhiteTeamCountry "CZE"]
[BlackTeamCountry "CZE"]

1. e4 e6 2. d4 d5 3. Nd2 c5 4. c3 cxd4 5. cxd4 dxe4 6. Nxe4 Nf6 7. Nxf6+ Qxf6 8. a3 Qd8 9. Nf3 Be7 10. g3 Bd7 11. Bg2 Bc6 12. 0-0 0-0 13. Re1 Nd7 14. b4 Bf6 15. Bb2 Nb6 16. Rc1 Rc8 17. Qd3 Qd6 18. Ne5 Bxg2 19. Kxg2 Rxc1 20. Bxc1 Rd8 21. Bb2 Bxe5 22. Qe4 Bf6 23. Qxb7 Qd5+ 24. Qxd5 Nxd5 25. Rc1 Kf8 26. Rc5 Ke7 27. Ra5 Rd7 28. a4 Kd8 29. Rb5 Kc8 0-1

[Event "Vsetin op 41st"]
[Site "Vsetin"]
[Date "2016.07.08"]
[Round "8"]
[White "Horyna, Josef"]
[Black "Kovarik, Matyas"]
[Result "1/2-1/2"]
[WhiteElo "1766"]
[BlackElo "1920"]
[PlyCount "96"]
[EventDate "2016.07.02"]
[EventType "swiss"]
[EventRounds "9"]
[EventCountry "CZE"]
[SourceTitle "CBM 173 Extra"]
[Source "ChessBase"]
[SourceDate "2016.08.29"]
[SourceVersion "1"]
[SourceVersionDate "2016.08.29"]
[SourceQuality "1"]

1. d4 d5 2. Bf4 Nf6 3. Nf3 c5 4. c3 Qb6 5. Qb3 c4 6. Qxb6 axb6 7. Bxb8 Rxb8 8. Nbd2 Bf5 9. Ne5 Nd7 10. Nxd7 Kxd7 11. g3 e6 12. Bg2 Bd6 13. e4 Bxe4 14. Bxe4 dxe4 15. Nxc4 b5 16. Nxd6 Kxd6 17. a3 f5 18. 0-0-0 Rhd8 19. Rhe1 Ke7 20. f3 exf3 21. Rf1 e5 22. dxe5 Rxd1+ 23. Kxd1 Rd8+ 24. Kc2 Rd5 25. Rxf3 Rxe5 26. Kd2 g5 27. h4 h6 28. hxg5 hxg5 29. b3 Ke6 30. Rf1 Re4 31. Kd3 Rg4 32. Rf3 Re4 33. Rf1 Ke5 34. Ra1 Rg4 35. Re1+ Kd5 36. Re3 f4 37. gxf4 gxf4 38. c4+ bxc4+ 39. bxc4+ Kd6 40. Re4 Rg3+ 41. Kd4 f3 42. Rf4 f2 43. Rf6+ Kc7 44. Rxf2 Rxa3 45. Kc5 Ra5+ 46. Kb4 Rh5 47. Rf7+ Kb6 48. Rf6+ Kc7 1/2-1/2

[Event "Vsetin op 41st"]
[Site "Vsetin"]
[Date "2016.07.07"]
[Round "7"]
[White "Krejca, Jakub"]
[Black "Kovarik, Matyas"]
[Result "1-0"]
[WhiteElo "2075"]
[BlackElo "1920"]
[PlyCount "67"]
[EventDate "2016.07.02"]
[EventType "swiss"]
[EventRounds "9"]
[EventCountry "CZE"]
[SourceTitle "CBM 173 Extra"]
[Source "ChessBase"]
[SourceDate "2016.08.29"]
[SourceVersion "1"]
[SourceVersionDate "2016.08.29"]
[SourceQuality "1"]

1. e4 e6 2. g3 d5 3. Bg2 dxe4 4. Bxe4 Nf6 5. Bg2 Nc6 6. Nf3 Bc5 7. 0-0 0-0 8. Nc3 Re8 9. Na4 Bb6 10. Nxb6 axb6 11. d4 Ne7 12. Bg5 Ng6 13. h4 h6 14. h5 Nf8 15. Bh4 c6 16. Ne5 N8d7 17. Qf3 Qc7 18. Rfe1 Ra5 19. Qe2 Nxe5 20. dxe5 Nd5 21. Be4 Ne7 22. b4 Ra4 23. Bxe7 Qxe7 24. c3 Bd7 25. Rad1 Rea8 26. Bc2 Rxa2 27. Qd3 f5 28. exf6 gxf6 29. Qg6+ Kf8 30. Qxh6+ Kg8 31. Bb3 Kf7 32. Rxd7 Qxd7 33. Bxe6+ Qxe6 34. Qh7+ 1-0

[Event "Vsetin op 41st"]
[Site "Vsetin"]
[Date "2016.07.06"]
[Round "6"]
[White "Kovarik, Matyas"]
[Black "Kuchar, Matej"]
[Result "1-0"]
[WhiteElo "1920"]
[BlackElo "1889"]
[PlyCount "45"]
[EventDate "2016.07.02"]
[EventType "swiss"]
[EventRounds "9"]
[EventCountry "CZE"]
[SourceTitle "CBM 173 Extra"]
[Source "ChessBase"]
[SourceDate "2016.08.29"]
[SourceVersion "1"]
[SourceVersionDate "2016.08.29"]
[SourceQuality "1"]

1. e4 c5 2. Nf3 Nc6 3. d4 cxd4 4. Nxd4 g6 5. c4 Bg7 6. Be3 Nf6 7. Nc3 0-0 8. Be2 d6 9. 0-0 Bd7 10. Qd2 Nxd4 11. Bxd4 Bc6 12. f3 a5 13. b3 Nd7 14. Be3 Nc5 15. Rab1 Qb6 16. Rfc1 Rfc8 17. Rc2 h5 18. a3 Nxb3 19. Kh1 Nxd2 20. Rxb6 Nxc4 21. Bxc4 Bxc3 22. Rxc3 Bd7 23. Rc1 1-0

[Event "Vsetin op 41st"]
[Site "Vsetin"]
[Date "2016.07.03"]
[Round "2"]
[White "Eret, Jonas"]
[Black "Kovarik, Matyas"]
[Result "1-0"]
[WhiteElo "2236"]
[BlackElo "1920"]
[PlyCount "75"]
[EventDate "2016.07.02"]
[EventType "swiss"]
[EventRounds "9"]
[EventCountry "CZE"]
[SourceTitle "CBM 173 Extra"]
[Source "ChessBase"]
[SourceDate "2016.08.29"]
[SourceVersion "1"]
[SourceVersionDate "2016.08.29"]
[SourceQuality "1"]

1. d4 d5 2. Nf3 Nf6 3. Bf4 e6 4. e3 Be7 5. h3 0-0 6. Bd3 c5 7. c3 Nc6 8. Nbd2 cxd4 9. exd4 a6 10. 0-0 b5 11. a3 Na5 12. Ne5 Qb6 13. Ndf3 Nc4 14. Qe2 Nd6 15. Rae1 a5 16. Bg5 b4 17. axb4 axb4 18. Ng4 Ba6 19. Nfe5 Bxd3 20. Qxd3 Qb5 21. Qxb5 Nxb5 22. Nc6 Bd6 23. Nxf6+ gxf6 24. Bxf6 bxc3 25. Re3 Rfc8 26. Ne7+ Bxe7 27. Bxe7 f5 28. bxc3 Kf7 29. Bb4 Rc4 30. Rb1 Ra2 31. Bc5 Nxc3 32. Rb7+ Kf6 33. Be7+ Kg6 34. Rg3+ Kh5 35. Rg5+ Kh6 36. h4 Rc8 37. Bf6 Ne2+ 38. Kh2 1-0